000 00746nam a2200205 i 4500
001 bg
245 0 _aWytyczne i ustalenia wyjściowe do szacowania kosztu przedsiębiorstwa /
_cFIDIC [Fédération Internationale des Ingénieurs-Conseils].
246 1 1 _aGuidelines and terms of reference for the preparation of project cost estimates
260 _aWarszawa :
_bCOSMOPOLI CONSULTANTS,
_c1994.
300 _a20, 20 s. ;
_c30 cm.
501 _a1 wyd. ang.-pol. 1994, tł. 1 wyd. z 1980.
650 9 _akoszt inwestycji
650 9 _abudownictwo
710 _aFIDIC [|Fédération Internationale des Ingénieurs-Conseils]
040 _cBPK
041 _aplen
080 _a69.003
942 _cKA
008 s pl f |000 0 pol
999 _c24155
_d24155
856 _uhttp://koha.tu.koszalin.pl/cgi-bin/koha/opac-detail.pl?biblionumber=24155
_yKatalog online BPK